1039 1965 1335 1478 1609 1526 1280 1788 1794 1367 1122 1152 1895 1784 1258 1682 1614 1081 1867 1466 1747 1887 1018 1254 1230 1390 1984 1399 1610 1843 1907 1165 1172 1470 1806 1514 1929 1580 1073 1759 1456 1657 1693 1317 1239 1169 1685 1667 1582 1897 1074 1941 1811 1951 1355 1188 1859 1250 1902 1853 1727 1287 1358 1269 1092 1328 1576 1169 1790 1270 1829 1956 1305 1238 1772 1347 1114 1911 1590 1412 1345 1848 1008 1307 1136 1943 1036 1653 1103 1548 1983 1374 1530 1568 1464 1801 1720 1730 1666 BCNSPRNW ULIB Ver.6.0+V

เปลี่ยนเป็นภาษาไทย

Change to English
 แสดงรายละเอียดบรรณานุกรม
  กลับหน้าหลัก

Brief Record : Get Marc (ISO 2709) : E-mail record : QR code < ปิดหน้าต่าง
LEADER : 00000nam 2200000uu 4500
001    13399125314
003     ULIB
008    170419s2559||||th 000 0 tha d
020    ^a9786167829661
060 04 ^aWC515^bช576Q
100 0  ^aชิษณุ พันธุิ
245 00 ^aQ&A ไขปัญหา ^d"ไข้หวัดใหญ่...ภัยร้ายที่ป้องกันได้"/^cชิษณุ พันธุิ
250    ^aพิมพ์ครั้งที่ 1
260    ^aกรุงเทพฯ : ^bโครงการจุฬาคิดส์คลับ ฝ่ายกุมารเวชศาสตร์ โรงพยาบาลจุฬาลงกรณ์ สภากาชาดไทย,^c2559.
300    ^a71 หน้า :^c16 ซม.
650  7 ^aไข้หวัดใหญ่^xการป้องกันและควบคุม^xไขปัญหา
650  7 ^aวัคซีนไข้หวัดใหญ่
945    ^p0^l0^i001925
945    ^p0^l0^i001926
945    ^p0^l0^i001927
999    ^aวรรณษา ชูชัยมงคล
รายการนี้ยังไม่มีแท็ก
คุณยังไม่ได้ล็อกอิน คุณสามารถมีกิจกรรมร่วมกับเว็บไซต์ได้ แต่ต้องล็อกอินก่อน ::
  ล็อกอิน

รายการสื่อสารสนเทศ

ลำดับที่ ประเภท เลขเรียก/บาร์โค้ด สถานที่ สถานะ
1. วิทยาศาสตร์การแพทย์ และสุขภาพ
วิทยาศาสตร์การแพทย์ และสุขภาพ
สถานะ=หนังสือเก่า
WC515 ช576Q ฉ.1 
  Barcode: 001925
ห้องสมุดวิทยาเขตสวรรค์ประชารักษ์
►ส่วนจัดเก็บหนังสือเก่า สปร
บนชั้น
  ขอยืม
2. วิทยาศาสตร์การแพทย์ และสุขภาพ
วิทยาศาสตร์การแพทย์ และสุขภาพ
สถานะ=หนังสือเก่า
WC515 ช576Q ฉ.2 
  Barcode: 001926
ห้องสมุดวิทยาเขตสวรรค์ประชารักษ์
►ส่วนจัดเก็บหนังสือเก่า สปร
บนชั้น
  ขอยืม
3. วิทยาศาสตร์การแพทย์ และสุขภาพ
วิทยาศาสตร์การแพทย์ และสุขภาพ
สถานะ=หนังสือเก่า
WC515 ช576Q ฉ.3 
  Barcode: 001927
ห้องสมุดวิทยาเขตสวรรค์ประชารักษ์
►ส่วนจัดเก็บหนังสือเก่า สปร
บนชั้น
  ขอยืม

รายการใกล้เคียง
    ผู้แต่ง [ชิษณุ พันธุิ]

    หัวเรื่อง [วัคซีนไข้หวัดใหญ่]

BibComment


ยังไม่เคยถูกคอมเมนท์

คอมเมนท์ทรัพยากรรายการนี้
  คอมเมนท์: QA ไขปัญหา ไข้ห..


 Copyright 2026. Bcnsprnw @Library